Principal Of Statutory Interpretation : (Record no. 181859)

MARC details
000 -LEADER
fixed length control field 00681nam a22002057a 4500
005 - DATE AND TIME OF LATEST TRANSACTION
control field 20211007120650.0
010 ## - LCCN (DPL NO)
LC control number ENG-130007
020 ## - INTERNATIONAL STANDARD BOOK NUMBER
Terms of availability 2,995.00
International Standard Book Number 978-93-91211-02-8
035 ## - SYSTEM CONTROL NUMBER
System control number EN-113539
037 ## - SOURCE OF ACQUISITION
Source of stock number/acquisition DBAD/PUB
082 ## - DEWEY DECIMAL CLASSIFICATION NUMBER
Classification number 345.40822
100 ## - MAIN ENTRY--PERSONAL NAME
Personal name Singh , G.P
245 ## - TITLE STATEMENT
Title Principal Of Statutory Interpretation :
Remainder of title Including The General Clauses Act ,1897 With Notes
Statement of responsibility, etc G.P Singh
250 ## - EDITION STATEMENT
Edition statement 15 Edition
260 ## - PUBLICATION, DISTRIBUTION, ETC. (IMPRINT)
Name of publisher, distributor, etc LexisNexis
Place of publication, distribution, etc Gurgaon
Date of publication, distribution, etc 2021
270 ## - ADDRESS
Address 14th Floor Building No 10, Tower-B, DLF Cyber City ,Phase-II
City Gurgaon
Postal code 122002
300 ## - PHYSICAL DESCRIPTION
Extent 854 p
Dimensions 24Cm (hbk)
700 ## - ADDED ENTRY--PERSONAL NAME
Personal name Alok Aradhe ,A.K Patnaik
942 ## - ADDED ENTRY ELEMENTS (KOHA)
Source of classification or shelving scheme Dewey Decimal Classification
Item type English Books
Classification part 345.40822
Call number suffix SIN
Holdings
Withdrawn status Lost status Not for loan Collection code Home library Current library Date acquired Source of acquisition Cost, normal purchase price Full call number Barcode Copy number Cost, replacement price Koha item type
    Not For Loan Non-fiction D.B.Act.Division D.B.Act.Division 07/10/2021 DBAD/PUB 200.00 345.40822 SIN EN-113539 1 200.00 English Books

© Delhi Public Library
Hit Counter
free hit counter